Fiestas escolares: 1§ a 8§ año de enseñanza básica

Salvato in:
Dettagli Bibliografici
Autore principale: Moreno Monroy, Miguel (autor)
Natura: Libro
Lingua:spagnolo
Pubblicazione: Santiago Joaquín Almendros 1971
Soggetti:
Tags: Aggiungi Tag
Nessun Tag, puoi essere il primo ad aggiungerne!!

MARC

LEADER 00000nam a2200000 a 4500
001 UCU0136
003 CL-VaPUC
008 960315e19710000CL |||||||||||||||||spa|d
082 0 4 |a 371.89  |b MOR  |2 21 
100 |a Moreno Monroy, Miguel  |e autor  |9 543607 
245 1 0 |a Fiestas escolares: 1§ a 8§ año de enseñanza básica 
300 |a 125 p 
942 |c BK 
945 |d 19960315 00:00:00  |a paguirre 
260 |a Santiago  |b Joaquín Almendros  |c 1971 
650 7 |a CEREMONIAS EDUCACIONALES  |2 CL-VaPUC  |9 355132 
650 0 |a Literatura  |9 259151 
650 0 |a Poesías  |9 267890 
650 0 |a Educación básica   |9 224933 
650 0 |a Teatro  |9 265385 
650 0 |a Lectura  |9 307634 
583 |a last modification  |c 19960315 00:00:00  |k Rodrigo Vera 
999 |c 245080  |d 245078 
952 |0 0  |1 0  |4 0  |6 371_890000000000000_MOR_1971  |7 0  |8 P  |9 259458  |a BIBEDU  |b BIBEDU  |c BIBEDU_PB  |d 2019-11-19  |i 1631691  |o 371.89 MOR 1971  |p 1631691  |r 2024-01-25  |w 2019-11-19  |y BK  |k EDU